00548cam a2200181 4500008004100000020002200041100001900063245006300082260004400145300003400189440003500223504002900258650002500287650002700312003000100339005001700340040000900357  a047163056X (hbk.)1 aNasser, Essam.10aFundamentals of gaseous ionization and plasma electronics. aNew York :bWiley-Interscience,c[1971] axiv, 456 p. :bill. ;c24 cm. 0aWiley series in plasma physics aIncludes bibliographies. 0aIonization of gases. 0aPlasma (Ionized gases)20230123133556.0 cNUST